Largest Cities/Towns in Oceania A-Z - Statistics

General Stats
  • This quiz has been taken 59 times
  • The average score is 23 of 74
Answer Stats
Hint Population Answer % Correct
A 1,480,000 Auckland
96%
B 3,350,000 Brisbane
96%
P 2,250,000 Perth
96%
S 4,975,000 Sydney
96%
A 1,420,000 Adelaide
94%
C 503,402 Canberra
92%
M 5,000,000 Melbourne
90%
C 377,900 Christchurch
88%
W 212,000 Wellington
88%
P 364,125 Port Moresby
86%
D 137,002 Darwin
84%
H 232,450 Hobart
78%
S 185,913 Suva
78%
G 735,213 Gold Coast
67%
N 526,515 Newcastle
65%
D 102,400 Dunedin
59%
H 179,900 Hamilton
53%
W 313,745 Wollongong
51%
H 853,252 Honolulu
49%
S 407,859 Sunshine Coast
49%
T 186,734 Townsville
47%
G 302,046 Geelong
43%
L 148,934 Lae
41%
C 348,435 Central Coast
37%
L 93,364 Launceston
37%
T 149,817 Toowoomba
35%
Q 15,800 Queenstown (Otago, NZ)
33%
Q 1,808 Queenstown (Tas., Aust.)
33%
N 182,341 Nouméa
31%
R 63,151 Rockhampton
29%
A 91,516 Albury - Wodonga
27%
B 104,883 Bendigo
27%
B 116,390 Ballarat
24%
I 49,800 Invercargill
24%
P 81,200 Palmerston North
24%
T 158,300 Tauranga
24%
W 57,807 Wagga Wagga
24%
M 88,162 Mackay
20%
R 57,900 Rotorua
16%
U 44,800 Upper Hutt
16%
L 111,500 Lower Hutt
14%
N 71,048 Nadi
14%
O 42,642 Orange
14%
U 17,330 Ulladulla
10%
D 41,801 Dubbo
8%
E 20,418 Echuca
8%
F 29,826 Faaa
8%
F 21,074 Forster - Tuncurry
8%
I 7,173 Innisfail
8%
K 33,024 Kailua - Holualoa
8%
K 118,092 Kailua - Kaneohe
8%
E 14,914 Emerald
6%
G 47,294 Gladstone
6%
M 89,597 Maitland
6%
V 16,709 Victor Harbor
6%
E 10,218 Esperance
4%
I 12,057 Inverell
4%
K 57,905 Kahului - Wailuku
4%
O 13,900 Oamaru
4%
U 12,723 Ulverstone
4%
Y 11,009 Yanchep
4%
Y 10,969 Yarrawonga - Mulwala
4%
Y 21,688 Yeppoon
4%
J 3,690 Jack's Point
2%
J 7,423 Jimboomba
2%
J 4,762 Junee
2%
O 22,035 Ocean Grove
2%
Q 1,488 Quindalup
2%
V 8,224 Vaitele
2%
V 13,970 Vanimo
2%
X 14 Xantippe
2%
Z 702 Zeehan
2%
F 17,800 Feilding
0%
R 28,000 Rolleston
0%
No matching quizzes found
Score Distribution
Percent of People with Each Score
Percentile by Number Answered
Your Score History
You have not taken this quiz